Logistika nebezpečných nákladů

História a definícia logistiky. Predpoklady fungovania logistiky: kvalitný výkon, nízke náklady. Intenzifikačné faktory logistiky. Integrovaná logistika. Logistika v období globalizácie. Firemná stratégia.

Enregistré dans:
Détails bibliographiques
Auteur principal: Valík, Karel
Format: Chapitre de livre
Langue:tchèque
Sujets:
Tags: Ajouter un tag
Pas de tags, Soyez le premier à ajouter un tag!

MARC

LEADER 00000naa a2200000 4500
001 r043427
005 20231003123245.7
041 0 |a cze 
044 |a CZ 
245 1 0 |a Logistika nebezpečných nákladů  |c Karel Valík 
520 |a História a definícia logistiky. Predpoklady fungovania logistiky: kvalitný výkon, nízke náklady. Intenzifikačné faktory logistiky. Integrovaná logistika. Logistika v období globalizácie. Firemná stratégia. 
610 2 0 |a logistika 
610 2 0 |a história 
610 2 0 |a pojmy 
610 2 0 |a kvalita 
610 2 0 |a integrácia 
610 2 0 |a globalizácia 
610 2 0 |a podnik 
610 2 0 |a stratégia podniková 
610 2 0 |a látky nebezpečné 
100 1 |a Valík, Karel